GASTROINTESTINAL PARASITES IN CATTLE AT ANGKORCHEY DISTRICT,KAMPOT PROVINCE,បរាសិតក្នុងក្រពះពោះវៀនគោនៅស្រុកអង្គរជ័យ ខេត្តកំពត (Record no. 20393)

000 -LEADER
fixed length control field 00561nam a22001217a 4500
040 ## - CATALOGING SOURCE
Transcribing agency RUA
100 ## - MAIN ENTRY--AUTHOR NAME
Personal name PEY DIVOEURN,ពៃ ឌីវឿន
245 ## - TITLE STATEMENT
Title GASTROINTESTINAL PARASITES IN CATTLE AT ANGKORCHEY DISTRICT,KAMPOT PROVINCE,បរាសិតក្នុងក្រពះពោះវៀនគោនៅស្រុកអង្គរជ័យ ខេត្តកំពត
260 ## - PUBLICATION, DISTRIBUTION, ETC. (IMPRINT)
Place of publication phnom penh
Name of publisher rua
Year of publication 2019
300 ## - PHYSICAL DESCRIPTION
Number of Pages x.48p.
Other physical details ill.
Dimensions 29cm.
856 ## - ELECTRONIC LOCATION AND ACCESS
Uniform Resource Identifier https://drive.google.com/file/d/1BJAs8LE_8IRhzMSGO01BIg9L7La7qjAS/view?usp=share_link
942 ## - ADDED ENTRY ELEMENTS (KOHA)
Koha item type VEM
952 ## - LOCATION AND ITEM INFORMATION (KOHA)
Withdrawn status [LOCAL, KOHA] 0
952 ## - LOCATION AND ITEM INFORMATION (KOHA)
Withdrawn status [LOCAL, KOHA] 0
952 ## - LOCATION AND ITEM INFORMATION (KOHA)
Withdrawn status [LOCAL, KOHA] 0
952 ## - LOCATION AND ITEM INFORMATION (KOHA)
Withdrawn status [LOCAL, KOHA] 0
952 ## - LOCATION AND ITEM INFORMATION (KOHA)
Withdrawn status [LOCAL, KOHA] 0
952 ## - LOCATION AND ITEM INFORMATION (KOHA)
Withdrawn status [LOCAL, KOHA] 0
Holdings
Permanent Location Date acquired Koha item type Lost status Shelving location Barcode Current Location Full call number
Library Block B2022-08-30VEM B1.558A070562Library Block BVEM PEY 2019 B1-558 Or.
Library Block B2022-08-30VEM B1.558A070566Library Block BVEM PEY 2019 B1-558 Or.
Library Block B2022-08-30VEM B1.558A070514Library Block BVEM PEY 2019 B1-558 Or.
Library Block B2022-08-30VEM B1.558A070450Library Block BVEM PEY 2019 B1-558 Or.
Library Block B2022-08-30VEM B1.558A070570Library Block BVEM PEY 2019 B1-558 Or.
Library Block B2022-08-30VEM B1.558A070510Library Block BVEM PEY 2019 B1-558 Or.
មជ្ឈមណ្ឌលឯការនៃសាកលវិទ្យាល័យភូមិន្ទកសិកម្មចំការដូង

Powered by Koha